Music Quiz

Random Music or Country Music Quiz
Score 0/25 Timer 06:00
2 Plays Today
Funny country song title Fill in the missing word % Correct
I'm Just A ___ On The Windshield Of LifeBug
87.8%
My Wife Ran Off With My Best Friend, and I Sure Do Miss ___Him
72.4%
My John Deere Was Breaking Your Field, While Your Dear ____ Was Breaking My Heart John
69.6%
The Last Word In Lonesome Is '__'Me
69.4%
I Liked You Better Before I ____ You So WellKnew
68.9%
Got In At Two With a Ten, and Woke Up At Ten With a ___Two
67.5%
Ever Since I Said 'I Do,' There's a Lot of Things You _____Don't
63.9%
I Wouldn't Take Her To A Dog Fight, Cause I'm Afraid She'd ___Win
63.5%
I Hate Every ____ In Your Body Except For MineBone
62%
Get Your ______ Outta My Mouth 'Cause I'm Kissing You GoodbyeTongue
60.3%
I'm So Miserable Without You, It's Like Having You ____Here
58.4%
I Can't Get Over You, So Why Don't You Get _____ Me?Under
50.4%
If You Don't Believe I Love You, Just Ask My ____Wife
47.5%
Funny country song title Fill in the missing word % Correct
Please Bypass This _____Heart
43.6%
Get Your Biscuits In The Oven And Your ____ In BedBuns
37%
The _____ You Ever Gave Me Was the Best I Ever HadWorst
35.2%
She Got the Goldmine (I Got the _____)Shaft
34.8%
I Still Miss You Baby, But My ___'s Gettin' BetterAim
32.4%
Mama Get A Hammer (There's A Fly On ____'s Head)Papa
30.4%
I Bought the _____ That Just Walked Out On MeBoots
22.6%
She Got The Ring (I Got The ______) Finger
22.2%
Her _____ Were Stained, But Her Heart Was PureTeeth
17%
If _______ Were A Woman I'd Be Married For SureWhiskey
13.8%
Velcro Arms, ______ HeartTeflon
12.6%
I Changed Her ___, She Changed My LifeOil
11.9%

You're not logged in!

Compare scores with friends on all Sporcle quizzes.
OR
Log In

Sporcle TV

Today on Sporcle TV


Watch our educational content, quiz creation guides, and fun videos on Sporcle TV.

Show Comments

Extras

Top Quizzes Today


Score Distribution

Paid Content

Your Account Isn't Verified!

In order to create a playlist on Sporcle, you need to verify the email address you used during registration. Go to your Sporcle Settings to finish the process.

Report this User

Report this user for behavior that violates our Community Guidelines.

Details: